000 01446nam0a22003611 4500
001 rc\3051166
005 20250806202333.0
035 _a(NLR Aleph) 007190615
090 _a46350
_c46350
100 _a20111010d1941 u y0rusy50 ca
101 0 _arus
102 _aRU
105 _ay z |||||
135 _acrbn 008apadp
200 1 _aБерегись шпионов, будь бдительным
_fП. Мягков
210 _aМосква
_aЛенинград
_cВоенмориздат
_d1941
_eЛенинград
215 _a24 с.
_d16 см
225 1 _aБоевая библиотека краснофлотца
325 _aКопия доступна в Электрон. б-ке РНБ
700 1 _aМягков
_bП.С.
_gПетр Степанович
801 0 _aRU
_bNLR
_gpsbo
801 1 _aRU
_bELAR
_2rusmarc
852 _aNLR
_jИр50 Г-2/367
856 0 _uhttp://vivaldi.nlr.ru/ab000001554/view
856 1 _uhttp://vivaldi.nlr.ru/ab000001554/cover
856 2 _uhttp://vivaldi.nlr.ru/ab000001554/text
901 _eКнижные издания
942 _cBOOK
945 _aРоссийская национальная библиотека
980 _aNB
980 _aBV
981 3 7 _a(37) Ленинград в Великой Отечественной войне
_b(37) Книги блокадного Ленинграда
981 3 4 _a(34) Санкт-Петербург